000
00224nam a2200097Ia 4500
008
240331s9999 xx 000 0 und d
082
_b
VIT
100
_a
Viththiyananthan,S
245
0
_a
Viththien parvaiyum pathivum
942
_c
L
999
_c
5122
_d
5122